| 000 | 00869nam a22002775i 4500 | ||
|---|---|---|---|
| 001 | 23147678 | ||
| 003 | OSt | ||
| 005 | 20230907154337.0 | ||
| 008 | 230530s2022 ii 000 0 eng | ||
| 010 | _a 2023340290 | ||
| 020 | _a9780670097531 | ||
| 025 | _aI-E-2023340290; 26-92 | ||
| 037 | _bLibrary of Congress -- New Delhi Overseas Office | ||
| 040 |
_aDLC _beng _erda _cDLC |
||
| 042 | _alcode | ||
| 082 |
_a821.914 _bTHA/A |
||
| 245 | 0 | 0 |
_aEnglish ; _bApocalypso / _cJeet Thayil. |
| 264 | 1 |
_aGurugram : _bPenguin Random House India, _c2022. |
|
| 300 | _a92, 56 pages | ||
| 336 |
_atext _btxt _2rdacontent |
||
| 337 |
_aunmediated _bn _2rdamedia |
||
| 338 |
_avolume _bnc _2rdacarrier |
||
| 906 |
_a7 _bpar _corigode _d3 _encip _f20 _gy-gencatlg |
||
| 942 |
_2ddc _cBK _h821.914 _iTHA/E _k821.814 _mTHA/E |
||
| 999 |
_c42117 _d42117 |
||